000 00439pab a2200145 454500
008 180718b xxu||||| |||| 00| 0 eng d
100 _aHays, Steven W.
245 _aState personnel derectors and the detemmas of workforce 2000: a survey
650 _a Personnel, Public
650 _a Directors
650 _aPersonnel - Peblic - Service Rating
700 _aKearney, Richard C.
773 _aPublic Administration Review
909 _a22807
999 _c22807
_d22807